Elementary Statistics (Record no. 3730)
[ view plain ]
| 005 - DATE AND TIME OF LATEST TRANSACTION | |
|---|---|
| control field | 20250611112444.0 |
| 020 ## - INTERNATIONAL STANDARD BOOK NUMBER | |
| International Standard Book Number | 0471401420 |
| 082 ## - DEWEY DECIMAL CLASSIFICATION NUMBER | |
| Classification number | 519.5PEL |
| 100 ## - MAIN ENTRY--PERSONAL NAME | |
| Author name | PELOSI.K .M |
| 111 ## - MAIN ENTRY--MEETING NAME | |
| Meeting name or jurisdiction name as entry element | USA |
| 245 ## - TITLE STATEMENT | |
| Title | Elementary Statistics |
| 260 ## - PUBLICATION, DISTRIBUTION, ETC. | |
| Place of publication, distribution, etc. | USA |
| Name of publisher, distributor, etc. | PELOSI. K. M |
| Date of publication, distribution, etc. | 2003 |
| 300 ## - PHYSICAL DESCRIPTION | |
| Extent | xxii, 793, ill, table, figure, picture |
| Other physical details | Appendix, Index |
| Dimensions | 28CM |
| 700 ## - ADDED ENTRY--PERSONAL NAME | |
| Other authors/Editors | SANDIFER. M. T |
| 942 ## - ADDED ENTRY ELEMENTS (KOHA) | |
| Source of classification or shelving scheme | Dewey Decimal Classification |
| Koha item type | Books |
No items available.
